福岡空港に就航している航空会社 - Statistics

General Stats
  • This quiz has been taken 51 times
  • The average score is 20 of 45
Answer Stats
Hint Answer % Correct
日本 全日本空輸
94%
日本 日本航空
94%
日本 ピーチ・アビエーション
74%
韓国 大韓航空
74%
日本 スカイマーク
71%
日本 スターフライヤー
68%
日本 ソラシドエア
65%
日本 AIRDO
62%
韓国 アシアナ航空
59%
日本 日本トランスオーシャン航空
56%
韓国 チェジュ航空
56%
日本 ジェットスター・ジャパン
53%
日本 天草エアライン
53%
中国・台湾 中国東方航空
53%
東南アジア タイ国際航空
53%
日本 フジドリームエアラインズ
50%
韓国 エアプサン
47%
中国・台湾 中国国際航空
47%
東南アジア フィリピン航空
47%
韓国 エアソウル
44%
中国・台湾 春秋航空
44%
中国・台湾 チャイナエアライン
44%
東南アジア シンガポール航空
44%
韓国 ジンエアー
41%
東南アジア ベトナム航空
41%
北米・太平洋 ハワイアン航空
41%
日本 アイベックスエアラインズ
38%
韓国 ティーウェイ航空
38%
中国・台湾 香港航空
38%
日本 オリエンタルエアブリッジ
35%
中国・台湾 エバー航空
35%
中国・台湾 キャセイパシフィック航空
35%
中国・台湾 香港エクスプレス
35%
日本 日本エアコミューター
32%
中国・台湾 スターラックス航空
32%
東南アジア ベトジェットエア
32%
中国・台湾 タイガーエア台湾
29%
日本 ジェイエア
26%
韓国 イースター航空
26%
中国・台湾 吉祥航空
26%
東南アジア セブパシフィック航空
21%
東南アジア タイ・ベトジェットエア
15%
日本 ANAウイングス
15%
東南アジア タイ・エアアジアX
15%
中国・台湾 長竜航空
6%
No matching quizzes found
Score Distribution
Percent of People with Each Score
Percentile by Number Answered
Your Score History
You have not taken this quiz